AFCON 2025 First XI - Statistics

General Stats
  • This quiz has been taken 73 times
  • The average score is 45 of 264
Answer Stats
Club Position Player % Correct
Egypt AM Mohamed Salah
90%
Morocco RB Noussair Mazraoui
83%
Nigeria FW Victor Osimhen
81%
Morocco GK Yassine Bounou
81%
Morocco RW Brahim Díaz
80%
Senegal AM Sadio Mané
80%
Algeria FW Riyad Mahrez
76%
Morocco DM Sofyan Amrabat
76%
Egypt FW Omar Marmoush
73%
Senegal GK Edouard Mendy
71%
Senegal CB Kalidou Koulibaly
69%
Nigeria FW Ademola Lookman
68%
Ivory Coast AM Amad Diallo
63%
Cameroon FW Bryan Mbeumo
61%
Morocco CB Nayef Aguerd
59%
Senegal FW Nicolas Jackson
56%
Ivory Coast DM Franck Kessié
54%
Morocco AM Azzedine Ounahi
53%
Senegal DM Idrissa Gana Gueye
51%
Senegal DM Pape Gueye
51%
Morocco CB Romain Saïss
49%
Burkina Faso FW Bertrand Traoré
47%
Senegal AM Ismaila Sarr
47%
Burkina Faso CB Edmond Tapsoba
46%
Algeria CB Ramy Bensebaini
46%
Senegal AM Iliman Ndiaye
44%
Morocco LW Ismael Saibari
44%
Nigeria CB Calvin Bassey
42%
Tunisia DM Ellyes Skhiri
42%
Nigeria DM Wilfred Ndidi
41%
Congo DR CB Chancel Mbemba
39%
Mali FW El Bilal Touré
39%
Ivory Coast AM Yan Diomandé
39%
Burkina Faso CM Blati Touré
37%
Congo DR FW Cédric Bakambu
37%
Algeria FW Mohamed Amoura
37%
Zambia FW Patson Daka
37%
Nigeria CM Alex Iwobi
36%
Tunisia CM Hannibal Mejbri
36%
South Africa FW Lyle Foster
36%
Mozambique CB Reinildo Mandava
36%
Egypt AM Trézéguet
36%
Algeria CB Aïssa Mandi
34%
Algeria LB Rayan Aït-Nouri
34%
Congo DR RB Aaron Wan-Bissaka
32%
Burkina Faso CM Gustavo Sangaré
32%
Ivory Coast AM Ibrahim Sangaré
32%
Algeria DM Ismaël Bennacer
32%
Mali CM Mamadou Sangare
32%
Mali CB Mamadou Fofana
31%
Ivory Coast GK Yahia Fofana
31%
Cameroon CM Carlos Baleba
27%
Algeria GK Luca Zidane
27%
South Africa GK Ronwen Williams
27%
Algeria CM Fares Chaïbi
25%
Tunisia CB Montassar Talbi
25%
Congo DR LB Arthur Masuaku
24%
Senegal CB Moussa Niakhate
24%
Nigeria CM Samuel Chukwueze
24%
Morocco FW Soufiane Rahimi
24%
Ivory Coast FW Wilfried Zaha
24%
Nigeria FW Akor Adams
22%
Angola RB Clinton Mata
22%
Senegal RB Krépin Diatta
22%
Egypt GK Mohamed El-Shenawy
22%
Morocco AM Neil El Aynaoui
22%
Gabon FW Denis Bouanga
20%
Comoros CM Iyad Mohamed
20%
Zimbabwe DM Marvelous Nakamba
20%
Angola FW M'Bala Nzola
20%
Nigeria LB Zaidu Sanusi
20%
Congo DR CB Axel Tuanzebe
19%
Mali GK Djigui Diarra
19%
Senegal LB Ismail Jakobs
19%
Congo DR AM Noah Sadiki
19%
Ivory Coast CB Obite N'Dicka
19%
Ivory Coast CB Odilon Kossounou
19%
Morocco LB Anass Salah-Eddine
17%
Mali FW Lassine Sinayoko
17%
Tanzania FW Mbwana Samatta
17%
Nigeria CB Semi Ajayi
17%
Mali RB Woyo Coulibaly
17%
Tunisia LB Ali Abdi
15%
Burkina Faso FW Dango Ouattara
15%
Burkina Faso GK Hervé Koffi
15%
Algeria FW Baghdad Bounedjah
14%
Nigeria RB Bright Osayi-Samuel
14%
Egypt AM Emam Ashour
14%
Mozambique AM Geny Catamo
14%
Ivory Coast LB Ghislain Konan
14%
Ivory Coast RB Guela Doué
14%
Algeria CM Hicham Boudaoui
14%
Ivory Coast DM Jean Seri
14%
Cameroon FW Karl Etta Eyong
14%
Comoros FW Rafiki Said
14%
Tunisia GK Aymen Dahmen
12%
Gabon CB Bruno Ecuele Manga
12%
Tunisia CB Dylan Bronn
12%
Tunisia FW Elias Achouri
12%
Zambia AM Lameck Banda
12%
Zambia RB Mathews Banda
12%
Botswana LB Mothusi Johnson
12%
Congo DR DM Samuel Moutoussamy
12%
Angola DM Show
12%
Tunisia RB Yan Valery
12%
Comoros RB Benjaloud Youssouf
10%
Zambia CB Benson Sakala
10%
Gabon CM Didier Ibrahim Ndong
10%
Tunisia FW Elias Saad
10%
Zambia AM Fashion Sakala
10%
Angola DM Fredy
10%
Egypt DM Hamdy Fathy
10%
Equatorial Guinea RW Iván Salvador
10%
Congo DR GK Lionel Mpasi
10%
Zambia LB Lubambo Musonda
10%
Mozambique CB Mexer
10%
Equatorial Guinea CB Saúl Coco
10%
South Africa DM Teboho Mokoena
10%
Zimbabwe LB Teenage Hadebe
10%
Comoros GK Yannick Pandor
10%
Comoros FW Youssouf M'Changama
10%
Comoros CM Zaydou Youssouf
10%
Mali CB Abdoulaye Diaby
8%
Sudan AM Abo Eisa
8%
Cameroon GK Devis Epassy
8%
Tunisia FW Hazem Mastouri
8%
Cameroon RM Junior Tchamadeu
8%
Mali CM Kamory Doumbia
8%
Egypt DM Marwan Attia
8%
Zambia DM Miguel Chaiwa
8%
Sudan FW Mohamed Eisa
8%
Zimbabwe CB Munashe Garan'anga
8%
Cameroon CB Nouhou Tolo
8%
South Africa AM Oswin Appollis
8%
Algeria RB Rafik Belghali
8%
Tanzania AM Saimon Msuva
8%
South Africa DM Sphephelo Sithole
8%
Congo DR RW Theo Bongonda
8%
Egypt CB Yasser Ibrahim
8%
Benin CB Yohan Roche
8%
Mali DM Aliou Dieng
7%
Mali LB Amadou Dante
7%
Sudan DM Ammar Taifour
7%
Cameroon CM Arthur Avom
7%
South Africa LB Aubrey Modiba
7%
Equatorial Guinea LB Basilio Owono
7%
Mozambique LB Bruno Langa
7%
Zambia CB Dominic Chanda
7%
Congo DR AM Edo Kayembe
7%
Comoros CM Faïz Selemani
7%
Tunisia CM Ferjani Sassi
7%
Angola AM Gelson
7%
Zimbabwe CB Gerald Takwara
7%
Botswana GK Goitseone Phoko
7%
Burkina Faso DM Ismahila Ouédraogo
7%
Burkina Faso CB Issoufou Dayo
7%
Equatorial Guinea GK Jesús Owono
7%
Benin AM Jodel Dossou
7%
Zimbabwe DM Jonah Fabisch
7%
South Africa RB Khuliso Mudau
7%
Angola CB Kialonda
7%
Zambia AM Kings Kangwa
7%
Botswana CB Mosha Gaolaolwe
7%
Congo DR LW Nathanael Mbuku
7%
Mali FW Nene Dorgeles
7%
Benin CB Olivier Verdon
7%
Equatorial Guinea CM Omar Mascarell
7%
Burkina Faso FW Pierre Kaboré
7%
Zimbabwe AM Prince Dube
7%
Benin AM Rodolfo Aloko
7%
Uganda AM Rogers Mato
7%
Gabon RW Royce Openda
7%
Cameroon CB Samuel Kotto
7%
Benin GK Saturnin Allagbé
7%
Benin DM Sessi D'Almeida
7%
Tanzania RB Shomari Kapombe
7%
South Africa CB Siyabonga Ngezana
7%
Botswana CB Thatayaone Ditlhokwe
7%
Uganda RB Toby Sibbick
7%
Benin FW Tosin Aiyegun
7%
Zimbabwe GK Washington Arubi
7%
Zambia GK Willard Mwanza
7%
Comoros CB Yannis Kari
7%
Angola AM Zito Luvumbo
7%
Comoros CB Ahmed Soilihi
5%
Botswana RB Alford Velaphi
5%
Gabon CM André Biyogo Poko
5%
Gabon RB Anthony Oyono
5%
Burkina Faso LB Arsène Kouassi
5%
Uganda LB Aziizi Kayondo
5%
Tanzania CB Bakari Mwamnyeto
5%
Sudan LB Bakhit Khamis
5%
Equatorial Guinea RB Carlos Akapo
5%
Tanzania AM Charles M'Mombwa
5%
Cameroon CB Che Malone
5%
Zimbabwe AM Daniel Msendami
5%
Cameroon LM Darlin Yongwa
5%
Benin AM Dodo Dokou
5%
Zimbabwe DM Emmanuel Jalai
5%
Gabon FW Eric Bocoum
5%
Botswana CM Gape Mohutsiwa
5%
Zimbabwe RB Godknows Murwira
5%
Angola GK Hugo Marques
5%
Benin DM Imourane Hassane
5%
Comoros LB Ismaël Boura
5%
Gabon LB Jacques Ekomie
5%
Uganda GK Jamal Salim
5%
Angola CB Jonathan Buatu Mananga
5%
Uganda CB Jordan Obita
5%
Uganda AM Jude Ssemugabi
5%
Botswana FW Kabelo Seakanyeng
5%
Mozambique DM Kambala
5%
Comoros CB Kenan Toibibou
5%
Uganda DM Kenneth Semakula
5%
Uganda DM Khalid Aucho
5%
Botswana DM Lebogang Ditsele
5%
Equatorial Guinea FW Loren Zúñiga
5%
Gabon GK Loyce Mbaba
5%
Angola AM Maestro
5%
South Africa CB Mbekezeli Mbokazi
5%
Uganda AM Melvyn Lorenzen
5%
Egypt LB Mohamed Hamdy
5%
Egypt RB Mohamed Hany
5%
Tanzania LB Mohamed Husseini
5%
South Africa AM Mohau Nkota
5%
Sudan GK Monged El Neel
5%
Botswana CM Mothusi Cooper
5%
Botswana FW Omaatla Kebatho
5%
Zambia DM Owen Tembo
5%
Equatorial Guinea CM Pablo Ganet
5%
Benin RB Rachid Moumini
5%
Uganda CB Rogers Torach
5%
Sudan AM Salah Adil
5%
South Africa AM Sipho Mbule
5%
Nigeria GK Stanley Nwabili
5%
Mozambique FW Stanley Ratifo
5%
Burkina Faso RB Steeve Yago
5%
Uganda FW Steven Mukwala
5%
Benin LB Tamimou Ouorou
5%
Tanzania AM Tarryn Allarakhia
5%
Gabon LW Teddy Averlant
5%
Angola LB Tó Carneiro
5%
Botswana FW Tumisang Orebonye
5%
Zimbabwe FW Washington Navaya
5%
Mozambique AM Witi
5%
Tanzania GK Zuberi Foba
5%
Gabon CB Alex Moucketou
3%
Cameroon CM Danny Loader
3%
Mozambique RB Diogo Calila
3%
Equatorial Guinea CB Esteban
3%
Egypt CB Hossam Abdelmegeed
3%
Tanzania CB Ibrahim Bacca
3%
Sudan CB Mustafa Karshom
3%
Tanzania DM Novatus Dismas
3%
Equatorial Guinea FW Pepín
3%
Sudan AM Abdelraouf Yagoub
2%
Sudan DM Abuaagla Adballa
2%
Mozambique DM Alfonso
2%
Tanzania DM Alphonce Mabula
2%
Mozambique GK Ernani
2%
Equatorial Guinea LW Luismi
2%
Sudan CB Mohamed Erneq
2%
Mozambique AM Ricardo Guimarães
2%
Sudan RB Yaser Jobak
2%
No matching quizzes found
Score Distribution
Percent of People with Each Score
Percentile by Number Answered
Your Score History
You have not taken this quiz